Nábožná Pjseň k blahoslawené Panně Maryi

Bibliographic Details
Corporate Author: Škarnicel, Jozef (Skalica, Slovensko) (Printer)
Other Authors: Škarnicel, Jozef, 1804-1877 (Printer)
Format: Book
Language:Slovak
Published: W Skalici u Jozefa Škarnicla 1877
Subjects:

MARC

LEADER 00000nam a2200000 a 4500
001 vtls011747412
003 SK-MaSNL
005 20260301044833.0
008 200104s1877 xo a 0 an0 slo
015 |a SNBHFA1877 
035 |a urn:nbn:sk:snk-am00d3hb 
035 |a urn:nbn:sk:snk-am3hkeg 
035 |a 36576F76-01F0-4C96-B92D-9D60FB2EFE37 
040 |a SNKHF  |b slo  |c SNK  |e AACR2 
041 0 |a slo 
044 |a xo  |c SK 
072 7 |a 783  |x Cirkevná hudba. Duchovná hudba. Náboženská hudba  |2 konspekt 
080 |a 783.6  |2 2011 
130 0 |a Nábožná  |9 302786 
245 1 0 |a Nábožná Pjseň k blahoslawené Panně Maryi 
260 |a W Skalici  |b u Jozefa Škarnicla  |c 1877 
300 |a [8] s.  |c 11 cm 
500 |a Titulná strana s drevorezom 
501 |a Prív. 1. k: Mrawná Pjseň wssem ctnostným Nowo=Manželům k potěssenj wydaná. W Skalicy : u Škarnicla Synů, 1876.  |5 SNK SE 129/1-11/prív.1 
546 |a Slovenčina  |b Fraktúra 
650 0 7 |a duchovné piesne  |2 SNKPH  |9 1928 
700 1 |a Škarnicel, Jozef,  |d 1804-1877  |4 prt  |9 169168 
710 0 |a Škarnicel, Jozef (Skalica, Slovensko)  |4 prt  |9 271317 
752 |a Slovensko  |d Skalica 
852 |a SNK  |p SE 129/1-11 
958 |a ONDV 
999 |c 596921  |d 598851 
952 |a SNK  |b SNK  |y PREZ  |7 0  |p 17A1300248  |o snkSE 129/1-11/prív.1  |i snk4571/28  |0 0  |1 0  |4 0  |d 2018-03-22  |f 1  |l 0  |r 2026-02-23 15:42:47  |w 2026-02-23